000 00699nam a22002417a 4500
003 UA-OsUOA
001 114411
007 ta
008 20151105b un ||||| |||| 00| 0 ukr d
090 _a211
942 _cBK
040 _aUA-OsUOA
_beng
_cUA-OsUOA
_dUA-OsUOA
245 _aThe Book of Isaian
_bV.1
_cE. J. Young
300 _a534 p.
955 _a2
041 _aeng
080 _a211
020 _a0-8028-9551-4
260 _aMichigan
_bWBEPC
_c1992
650 7 _a21 Природна теологія. Теодицея (Бог). Раціональна теологія Релігійна філософія
_2UDC
999 _c400557
_d400557